[Event "POL-chT3 Kujawsko-Pomorskie 2223"]
[Site "Poland"]
[Date "2023.??.??"]
[Round "6.14"]
[White "Budrewicz, Jan"]
[Black "Maciejewski, Adam"]
[Result "0-1"]
[WhiteElo "1761"]
[BlackElo "1290"]
[PlyCount "132"]
[EventDate "2022.11.13"]
[EventType "team-swiss"]
[EventRounds "7"]
[EventCountry "POL"]
[SourceTitle "EXT 2024"]
[Source "ChessBase"]
[SourceDate "2023.10.10"]
[SourceVersion "1"]
[SourceVersionDate "2023.10.10"]
[SourceQuality "1"]

1. e4 c6 2. d4 d5 3. Nc3 dxe4 4. Nxe4 Bf5 5. Ng3 Bg6 6. Nf3 e6 7. Bd3 Nd7 8. 0-0 Ngf6 9. Re1 Be7 10. c4 Qc7 11. a3 a5 12. Bg5 0-0 13. Rc1 Bd6 14. Bxg6 hxg6 15. Qd2 c5 16. dxc5 Nxc5 17. b4 Nb3 18. Qc3 Nxc1 19. Rxc1 Bxg3 20. hxg3 Ne4 21. Qe3 Nxg5 22. Nxg5 Qe7 23. c5 axb4 24. axb4 Rfd8 25. g4 Ra4 26. Rc4 Qf6 27. f4 Qa1+ 28. Kh2 Ra3 29. Qe4 Rd1 30. Nf3 Rad3 31. c6 bxc6 32. Rxc6 Qa4 33. Ng5 Qa8 34. Qc4 Rd8 35. b5 R1d6 36. Rc7 Rd2 37. Rc6 Qa2 38. Qf1 Rc2 39. Ra6 Qd5 40. Ra7 f6 41. Nf3 Qc5 42. Ra6 Rb2 43. Rc6 Qxb5 44. Qxb5 Rxb5 45. Rxe6 Rb4 46. Kg3 Rb2 47. g5 Kf7 48. Ra6 Rd7 49. Ra3 Rb5 50. Re3 Re7 51. Re1 Rxe1 52. Nxe1 Ke6 53. Nf3 Rd5 54. Kg4 Rd3 55. Ng1 Kd5 56. Nh3 Ra3 57. Nf2 Kd4 58. f5 fxg5 59. fxg6 Ra2 60. Nh3 Rxg2+ 61. Kf3 Ra2 62. Kg4 Ke5 63. Kxg5 Rg2+ 64. Kh5 Kf5 65. Kh4 Rxg6 66. Kh5 Rh6# 0-1